[Event "Basingstoke Spring Bank op U1825 2nd"]
[Site "Basingstoke"]
[Date "2019.05.25"]
[Round "3.13"]
[White "Muppidi, Anirudh"]
[Black "Bullock, Lee"]
[Result "1-0"]
[WhiteElo "1437"]
[BlackElo "1516"]
[PlyCount "175"]
[EventDate "2019.05.24"]
[EventType "swiss"]
[EventRounds "7"]
[EventCountry "ENG"]
[SourceTitle "EXT 2023"]
[Source "ChessBase"]
[SourceDate "2022.10.05"]
[SourceVersion "1"]
[SourceVersionDate "2022.10.05"]
[SourceQuality "1"]

1. e4 c5 2. Nf3 d6 3. d4 cxd4 4. Nxd4 Nf6 5. Nc3 a6 6. Bc4 e5 7. Nf3 h6 8. h3 Be6 9. Bb3 b5 10. Qd3 Nbd7 11. Be3 Rc8 12. Nd5 Nxd5 13. exd5 e4 14. Qxe4 Nf6 15. Qd3 Bd7 16. Bd4 Be7 17. Qe3 0-0 18. 0-0 Qc7 19. Rac1 Bf5 20. c4 Qb7 21. Qe2 b4 22. Ba4 Ne4 23. Qe3 Nc5 24. Bc6 Qc7 25. Rfe1 Ne4 26. Bb6 Qb8 27. Ba7 Qc7 28. Qb6 Bf6 29. Qxc7 Rxc7 30. Bd4 Be7 31. b3 Nc5 32. Re3 f6 33. Rce1 Kf7 34. Bxc5 dxc5 35. g4 Bc8 36. Nh4 Bd6 37. Nf5 Bxf5 38. gxf5 Be5 39. Kg2 Rg8 40. Rd1 Rd8 41. Kf3 Rxc6 42. dxc6 Rxd1 43. Rxe5 Rd3+ 44. Kg2 Rd8 45. Rxc5 Rc8 46. Kf3 Ke7 47. Ke4 Kd6 48. Kd4 Re8 49. c7 Rc8 50. Rd5+ Kc6 51. Rc5+ Kd6 52. h4 h5 53. f3 a5 54. Rxa5 Rxc7 55. c5+ Kc6 56. Ra6+ Kb7 57. Rb6+ Ka7 58. Rxb4 Rd7+ 59. Kc4 Rd2 60. a4 Rf2 61. Kb5 Rxf3 62. Kc6 Rxf5 63. Rb5 Re5 64. Kd6 Re8 65. c6 g5 66. hxg5 fxg5 67. Rxg5 h4 68. Rh5 Re4 69. c7 Rd4+ 70. Kc5 Rd1 71. Rxh4 Rc1+ 72. Rc4 Rd1 73. b4 Kb7 74. a5 Kxc7 75. Kb5+ Kb8 76. Kc6 Rd8 77. Rc5 Rc8+ 78. Kb6 Rd8 79. Rc6 Ka8 80. a6 Rb8+ 81. Ka5 Ka7 82. b5 Rd8 83. Rc5 Rd6 84. b6+ Kb8 85. a7+ Kb7 86. Rc7+ Ka8 87. Rc8+ Kb7 88. a8Q# 1-0